Основы общей теории перевода (лингвистические проблемы): Для институтов и факультетов иностранных языков
| Hlavní autor: | |
|---|---|
| Jazyk: | ruština angličtina němčina |
| Vydáno: |
Москва, Филология три, 2002
|
| Edice: | Студенческая библиотека |
| Témata: | |
| Médium: | MixedMaterials Kniha |
| KOHA link: | https://koha.lib.tpu.ru/cgi-bin/koha/opac-detail.pl?biblionumber=49165 |
MARC
| LEADER | 00000nam0a2200000 4500 | ||
|---|---|---|---|
| 001 | 49165 | ||
| 005 | 20231031032516.0 | ||
| 010 | |a 5846500196 | ||
| 010 | |a 5-94545-014-6 | ||
| 035 | |a (RuTPU)RU\TPU\book\51485 | ||
| 090 | |a 49165 | ||
| 100 | |a 20030326d2002 m y0rusy50 ca | ||
| 101 | 0 | |a rus |a eng |a ger | |
| 102 | |a RU | ||
| 105 | |a y j 000zy | ||
| 200 | 1 | |a Основы общей теории перевода (лингвистические проблемы) |e Для институтов и факультетов иностранных языков |f А. В. Федоров | |
| 210 | |a Москва |c Филология три |a СПб. |c Филологический факультет СПбГУ |d 2002 | ||
| 215 | |a 416 с. | ||
| 225 | 1 | |a Студенческая библиотека | |
| 610 | 1 | |a языкознание | |
| 610 | 1 | |a лингвистика | |
| 610 | 1 | |a переводы | |
| 610 | 1 | |a теория | |
| 610 | 1 | |a история | |
| 610 | 1 | |a лексика | |
| 610 | 1 | |a грамматика | |
| 610 | 1 | |a типы | |
| 610 | 1 | |a жанры | |
| 610 | 1 | |a литература | |
| 610 | 1 | |a учебные пособия | |
| 686 | |a Ш107я73 |v LBC/SL-A |2 rubbk | ||
| 700 | 1 | |a Федоров |b А. В. |g Андрей Венедиктович | |
| 801 | 1 | |a RU |b 63413507 |c 20030326 |g PSBO | |
| 801 | 2 | |a RU |b 63413507 |c 20030818 |g PSBO | |
| 801 | 2 | |a RU |b 63413507 |c 20230126 |g PSBO | |
| 942 | |c BK | ||